Psychological abstracts. (Record no. 530086)

000 -LEADER
fixed length control field 03562cas a2200817 4500
001 - CONTROL NUMBER
control field 11138611
003 - CONTROL NUMBER IDENTIFIER
control field NUST
005 - DATE AND TIME OF LATEST TRANSACTION
control field 20191009120645.0
008 - FIXED-LENGTH DATA ELEMENTS--GENERAL INFORMATION
fixed length control field 751101d19272006dcumr a 0 a0eng
010 ## - LIBRARY OF CONGRESS CONTROL NUMBER
LC control number 29023479
016 ## - NATIONAL BIBLIOGRAPHIC AGENCY CONTROL NUMBER
Record control number (AMICUS)000000784964
016 7# - NATIONAL BIBLIOGRAPHIC AGENCY CONTROL NUMBER
Record control number 0207512
Source DNLM
016 7# - NATIONAL BIBLIOGRAPHIC AGENCY CONTROL NUMBER
Record control number P54540000
Source DNLM
016 7# - NATIONAL BIBLIOGRAPHIC AGENCY CONTROL NUMBER
Record control number AA00345198
Source JP-ToKJK
016 7# - NATIONAL BIBLIOGRAPHIC AGENCY CONTROL NUMBER
Record control number 008545216
Source Uk
022 ## - INTERNATIONAL STANDARD SERIAL NUMBER
International Standard Serial Number 0033-2887
ISSN-L 0033-2887
Source 1
030 ## - CODEN DESIGNATION
CODEN PYCAA5
032 ## - POSTAL REGISTRATION NUMBER
Postal registration number 448740
Source agency assigning number USPS
035 ## - SYSTEM CONTROL NUMBER
System control number (OCoLC)ocm01763052
037 ## - SOURCE OF ACQUISITION
Source of stock number/acquisition American Psychological Association, 1200 Seventeenth St., N.W., Washington, DC 20036
038 ## - RECORD CONTENT LICENSOR
Staff Name waseem
040 ## - CATALOGING SOURCE
Original cataloging agency DLC
Language of cataloging eng
Transcribing agency MUL
Modifying agency NSD
-- DLC
-- NSD
-- DLC
-- OCL
-- NST
-- OCL
-- RCS
-- NST
-- AIP
-- NSD
-- NST
-- WAU
-- NST
-- MYG
-- NST
-- DLC
-- NSD
-- IUL
-- MXC
-- NSD
-- SYS
-- DLC
-- NLM
-- OCLCQ
-- ZYU
-- NLGGC
-- LVB
-- NYG
-- CUS
-- OCLCQ
-- UKMGB
-- TULIB
-- OCLCF
-- OCLCO
-- P4I
-- OCL
-- EUW
-- OCLCO
-- OCLCA
-- OCLCQ
-- OCLCO
-- FC@
-- OCLCO
-- OCLCQ
-- SAV
-- NLC
-- OCLCO
-- OCLCA
-- OCLCQ
-- CPO
-- OCLCQ
-- AU@
-- OCLCQ
-- DCHUA
-- OCL
-- OCLCQ
042 ## - AUTHENTICATION CODE
Authentication code nsdp
-- pcc
050 00 - LIBRARY OF CONGRESS CALL NUMBER
Classification number BF1
Item number .P65
060 00 - NATIONAL LIBRARY OF MEDICINE CALL NUMBER
Classification number Z 7203
Item number P974
082 04 - DEWEY DECIMAL CLASSIFICATION NUMBER
Classification number 150.5
Author Mark PSY
210 0# - ABBREVIATED TITLE
Abbreviated title Psychol. abstr.
210 10 - ABBREVIATED TITLE
Abbreviated title Psychol Abstr
222 #0 - KEY TITLE
Key title Psychological abstracts
245 00 - TITLE STATEMENT
Title Psychological abstracts.
246 3# - VARYING FORM OF TITLE
Title proper/short title PA
260 ## - PUBLICATION, DISTRIBUTION, ETC.
Place of publication, distribution, etc. [Washington, etc.]
Name of publisher, distributor, etc. [American Psychological Association]
300 ## - PHYSICAL DESCRIPTION
Extent volumes
Dimensions 26 cm
310 ## - CURRENT PUBLICATION FREQUENCY
Current publication frequency Monthly,
Date of current publication frequency <June 2001->
321 ## - FORMER PUBLICATION FREQUENCY
Former publication frequency Annual,
Dates of former publication frequency 1927-
336 ## - CONTENT TYPE
Content type term text
Content type code txt
Source rdacontent
337 ## - MEDIA TYPE
Media type term unmediated
Media type code n
Source rdamedia
338 ## - CARRIER TYPE
Carrier type term volume
Carrier type code nc
Source rdacarrier
362 0# - DATES OF PUBLICATION AND/OR SEQUENTIAL DESIGNATION
Dates of publication and/or sequential designation v. 1- Jan. 1927-
362 1# - DATES OF PUBLICATION AND/OR SEQUENTIAL DESIGNATION
Dates of publication and/or sequential designation Ceased with v. 93, no. 12 (Dec. 2006).
500 ## - GENERAL NOTE
General note Editor: Jan. 1927- W.S. Hunter.
530 ## - ADDITIONAL PHYSICAL FORM AVAILABLE NOTE
Additional physical form available note Available online as: PsycINFO.
530 ## - ADDITIONAL PHYSICAL FORM AVAILABLE NOTE
Additional physical form available note Also issued <1974-1992> on CD-ROM as: PsycLit database; <1996-> PsycLIT (National Information Services Corporation).
555 ## - CUMULATIVE INDEX/FINDING AIDS NOTE
Cumulative index/finding aids note Author index: 1927-58. 5 v. (includes index to Psychological index, 1894-1935); 1959-63. 1 v.; 1964-68. 2 v.; 1969-71. 1 v.; 1972-74. 1 v.); 1975-77. 1 v.; Subject index: 1927-60. 2 v.; 1961-65. 1 v.; 1966-68. 2 v.; 1969-71. 2 v.; 1972-74. 2 v.; 1975-77. 2 v.
590 ## - LOCAL NOTE (RLIN)
Local note SERBIB/SERLOC merged record
650 #0 - SUBJECT ADDED ENTRY--TOPICAL TERM
Topical term or geographic name entry element Psychology
Form subdivision Abstracts
-- Periodicals.
9 (RLIN) 23387
650 #6 - SUBJECT ADDED ENTRY--TOPICAL TERM
Topical term or geographic name entry element Psychologie
Form subdivision Résumés analytiques
-- Périodiques.
9 (RLIN) 23388
650 #6 - SUBJECT ADDED ENTRY--TOPICAL TERM
Topical term or geographic name entry element Psychologie
Form subdivision Index.
9 (RLIN) 23389
650 #7 - SUBJECT ADDED ENTRY--TOPICAL TERM
Topical term or geographic name entry element Psychology.
Source of heading or term fast
Authority record control number or standard number (OCoLC)fst01081447
9 (RLIN) 3344
650 17 - SUBJECT ADDED ENTRY--TOPICAL TERM
Topical term or geographic name entry element Psychologie.
Source of heading or term gtt
9 (RLIN) 23390
650 #2 - SUBJECT ADDED ENTRY--TOPICAL TERM
Topical term or geographic name entry element Psychology.
9 (RLIN) 3344
655 #7 - INDEX TERM--GENRE/FORM
Genre/form data or focus term Abstracts.
Source of term fast
Authority record control number (OCoLC)fst01423683
9 (RLIN) 23391
655 #7 - INDEX TERM--GENRE/FORM
Genre/form data or focus term Periodicals.
Source of term fast
Authority record control number (OCoLC)fst01411641
9 (RLIN) 23392
655 #7 - INDEX TERM--GENRE/FORM
Genre/form data or focus term Abstracts.
Source of term lcgft
9 (RLIN) 23391
655 #7 - INDEX TERM--GENRE/FORM
Genre/form data or focus term Periodicals.
Source of term rbgenr
9 (RLIN) 23392
655 #2 - INDEX TERM--GENRE/FORM
Genre/form data or focus term Abstracts.
9 (RLIN) 23391
700 1# - ADDED ENTRY--PERSONAL NAME
Personal name Hunter, Walter Samuel,
Dates associated with a name 1889-1954,
Relator term editor.
9 (RLIN) 23393
710 2# - ADDED ENTRY--CORPORATE NAME
Corporate name or jurisdiction name as entry element American Psychological Association.
9 (RLIN) 3177
730 0# - ADDED ENTRY--UNIFORM TITLE
Uniform title PsycINFO (Online)
9 (RLIN) 23394
776 1# - ADDITIONAL PHYSICAL FORM ENTRY
Title PsycINFO (Online)
Record control number (OCoLC)47653332
776 1# - ADDITIONAL PHYSICAL FORM ENTRY
Title PsycLit database
International Standard Serial Number 1075-3060
Record control number (DLC) 94641328
-- (OCoLC)19613770
776 1# - ADDITIONAL PHYSICAL FORM ENTRY
Title PsycLIT (National Information Services Corporation)
International Standard Serial Number 1093-3360
Record control number (DLC)sn 97003781
776 08 - ADDITIONAL PHYSICAL FORM ENTRY
Relationship information Online version:
Title Psychological abstracts
Record control number (OCoLC)567973707
776 08 - ADDITIONAL PHYSICAL FORM ENTRY
Relationship information Online version:
Title Psychological abstracts
Record control number (OCoLC)606252972
906 ## - LOCAL DATA ELEMENT F, LDF (RLIN)
a 7
b cbc
c serials
d 3
e ncip
f 19
g n-oclcserc
942 ## - ADDED ENTRY ELEMENTS (KOHA)
Source of classification or shelving scheme
Koha item type Book
Holdings
Withdrawn status Lost status Source of classification or shelving scheme Damaged status Not for loan Permanent Location Current Location Date acquired Source of acquisition Full call number Barcode Date last seen Price effective from Koha item type
          Central Library (CL) Central Library (CL) 10/09/2019 Donation 150.5 PSY CL-D-664 10/09/2019 10/09/2019 Reference
          Central Library (CL) Central Library (CL) 10/09/2019 Donation 150.5 PSY CL-D-665 02/06/2026 10/09/2019 Reference
          Central Library (CL) Central Library (CL) 10/09/2019 Donation 150.5 PSY CL-D-667 10/09/2019 10/09/2019 Reference
© 2023 Central Library, National University of Sciences and Technology. All Rights Reserved.